000 00629nam a22002537a 4500
003 UA-OsUOA
001 29331
007 ta
008 20041007b un ||||| |||| 00| 0 ukr d
100 _aКузнецова Т. И.
700 _aСтрельникова И. П.
090 _a808.1
_bК89
942 _cBK
040 _aUA-OsUOA
_brus
_cUA-OsUOA
_dUA-OsUOA
245 _aОраторское искусство в Древнем Риме
300 _a287 с.
955 _a0
041 _arus
080 _a808.1
260 _aМоскав
_bНаука
_c1976
044 _aRU
650 7 _2UDC
999 _c315717
_d315717